|
|
|
|
| LEADER |
00978nam a2200217 i 4500 |
| 003 |
GR-PaULI |
| 005 |
20230706103933.0 |
| 008 |
230503s1921 gr ||||g |||| 00| 1 gre d |
| 952 |
|
|
|0 0
|1 0
|2 ddc
|4 0
|6 833_912000000000000_KEL
|7 0
|9 371371
|a LISP
|b LISP
|c DON
|d 2023-05-03
|i 151401
|l 0
|o 833.912 KEL
|p 025000279749
|r 2023-05-03 00:00:00
|t 1
|w 2023-05-03
|y BK15
|e ΠΑΠ
|
| 999 |
|
|
|c 216628
|d 216628
|
| 040 |
|
|
|a GR-PaULI
|b gre
|c GR-PaULI
|e AACR2
|
| 041 |
1 |
|
|a gre
|h ger
|
| 082 |
0 |
4 |
|2 23
|a 833.912
|
| 100 |
1 |
|
|9 197689
|a Kellerman, Bernhard,
|d 1879-1951,
|e συγγραφέας.
|
| 245 |
1 |
0 |
|a Τρελλός; :
|b ρωμάντζο /
|c Μπερνάρδ Κέλλερμαν ; μετάφρασις Γ. Π.
|
| 260 |
|
|
|a [Αθήνα] :
|b Γεώργιος Ι. Βασιλείου,
|c 1921.
|
| 300 |
|
|
|a 276 σ. ;
|c 16 εκ.
|
| 490 |
1 |
|
|a Βιβλιοθήκη εκλεκτά έργα ;
|v 45
|
| 830 |
|
0 |
|a Βιβλιοθήκη εκλεκτά έργα
|v 45.
|9 193959
|
| 942 |
|
|
|2 ddc
|c BK
|
| 998 |
|
|
|c ΛΟΤΣΑΡΗ
|d 2023-05
|